Proceedings of the second Inter - regional debt management conference : Geneva, 3-5 April 2000

Αποθηκεύτηκε σε:
Λεπτομέρειες βιβλιογραφικής εγγραφής
Συλλογικό Έργο: Inter-regional Debt Management Conference Geneva, Switzerland, United Nations Conference on Trade and Development
Μορφή: Πρακτικό Συνεδρίου Βιβλίο
Γλώσσα:English
Δημοσίευση: New York and Geneva : United Nations, 2001
Θέματα:
Ετικέτες: Προσθήκη ετικέτας
Δεν υπάρχουν, Καταχωρήστε ετικέτα πρώτοι!

MARC

LEADER 00000cam a2200000 i 4500
001 1/42990
008 031022s2001 eng d
020 |a 92-1-112528-6 
035 |l 10071267 
040 |a GR-MY-UA  |b gre  |e aacr 
041 0 |a eng 
082 0 |a 336.3435 
111 2 |a Inter-regional Debt Management Conference   |n (2nd :   |d 2000 :   |c Geneva, Switzerland) 
245 1 0 |a Proceedings of the second Inter - regional debt management conference :  |b Geneva, 3-5 April 2000 /  |c United Nations Conference on Trade and Development 
260 |a New York and Geneva :   |b United Nations,   |c 2001 
300 |a xii, 210 σ.  |b εικ. 
650 0 0 |a Debts, External  |x Congresses. 
650 0 0 |a Debts, Public  |x Foreign. 
710 2 |a United Nations Conference on Trade and Development. 
852 |a INST  |b CHIOS  |e 20031022  |h 336.3435 UNI  |p 005200019826  |q 005200019826  |t BK  |y 0 
901 |a BIBL2-2003-3 
970 |z 2003/10/22